| Tag |
First Indicator |
Second Indicator |
Subfields |
| LEADER |
00000cam a22000008a 4500 |
| 001 |
in00000084853 |
| 005 |
20151008054408.0 |
| 008 |
790419s1981 nyua b 00110 engm |
| 010 |
|
|
|a 79101623
|
| 020 |
|
|
|a 0810915545 :
|c $55.00
|
| 035 |
|
|
|a (OCoLC)05007811
|
| 035 |
|
|
|9 AAJ0534AM
|
| 040 |
|
|
|a DLC
|c DLC
|d m.c.
|d TXA
|d UtOrBLW
|
| 049 |
|
|
|a TXAM
|c [1672259]
|
| 050 |
0 |
0 |
|a ND237.R316
|b L48
|
| 082 |
0 |
|
|a 759.13
|
| 100 |
1 |
|
|a Lippard, Lucy R.
|
| 245 |
1 |
0 |
|a Ad Reinhardt /
|c Lucy R. Lippard.
|
| 263 |
|
|
|a 8005
|
| 264 |
|
1 |
|a New York :
|b H.N. Abrams,
|c 1981.
|
| 300 |
|
|
|a 216 pages :
|b illustrations (some color) ;
|c 28 X 30 cm.
|
| 336 |
|
|
|a text
|b txt
|2 rdacontent
|
| 337 |
|
|
|a unmediated
|b n
|2 rdamedia
|
| 338 |
|
|
|a volume
|b nc
|2 rdacarrier
|
| 500 |
|
|
|a Includes index.
|
| 504 |
|
|
|a Bibliography: pages [204]-212.
|
| 600 |
1 |
0 |
|a Reinhardt, Ad,
|d 1913-1967.
|
| 999 |
|
|
|a MARS
|
| 999 |
f |
f |
|s 3c9a3e75-30ef-32d9-9081-49999506ae7a
|i ed51e881-bbdc-3f7e-bcb1-e9995b4e18d7
|t 0
|
| 952 |
f |
f |
|p normal
|a Texas A&M University
|b College Station
|c Sterling C. Evans Library
|d Evans: Library Stacks
|t 0
|e ND237.R316 L48
|h Library of Congress classification
|i unmediated -- volume
|m A14806169613
|
| 998 |
f |
f |
|a ND237.R316 L48
|t 0
|l Evans: Library Stacks
|